Underground Excavations in Rock (Record no. 530135)

000 -LEADER
fixed length control field 00245nam a2200109 4500
020 ## - INTERNATIONAL STANDARD BOOK NUMBER
International Standard Book Number 9780419160304
040 ## - CATALOGING SOURCE
Transcribing agency DLC
082 ## - DEWEY DECIMAL CLASSIFICATION NUMBER
Classification number 624.15132
Author Mark HOE
100 ## - MAIN ENTRY--PERSONAL NAME
Personal name Hoek, Evert
9 (RLIN) 23486
245 ## - TITLE STATEMENT
Title Underground Excavations in Rock
942 ## - ADDED ENTRY ELEMENTS (KOHA)
Source of classification or shelving scheme
Koha item type Book
Holdings
Withdrawn status Lost status Source of classification or shelving scheme Damaged status Not for loan Permanent Location Current Location Date acquired Total Checkouts Total Renewals Full call number Barcode Date last seen Date last checked out Price effective from Koha item type
          School of Civil and Environmental Engineering (SCEE) School of Civil and Environmental Engineering (SCEE) 10/10/2019 1 1 624.15132 HOE NIT-11814 11/07/2024 10/10/2019 10/10/2019 Book
© 2023 Central Library, National University of Sciences and Technology. All Rights Reserved.